Maailmankaupungit maailmankartalla - Statistics

Yleistilastot
  • Tätä visaa on pelattu 1 225 kertaa
  • Keskiarvotulos 19 / 24
Vastaukset kartalla
Vastauksille on annettu kartalla punavihreä väri sen mukaan, kuinka moni on saanut sen oikein.
 
Vastaustilastot
Taso Kaupunki % Oikein
Alfa++ Lontoo
98%
Alfa Moskova
97%
Alfa++ New York
96%
Alfa Madrid
95%
Alfa+ Tokio
95%
Alfa+ Pariisi
94%
Alfa Amsterdam
89%
Alfa México
89%
Alfa Bryssel
88%
Alfa Los Angeles
88%
Alfa Sydney
87%
Alfa+ Peking
86%
Alfa Milano
82%
Alfa+ Dubai
78%
Alfa+ Shanghai
74%
Alfa Jakarta
73%
Alfa+ Singapore
73%
Alfa Chicago
69%
Alfa+ Hongkong
68%
Alfa Mumbai
68%
Alfa Toronto
68%
Alfa Frankfurt
65%
Alfa Kuala Lumpur
59%
Alfa São Paulo
57%
Ehtoja vastaavia visoja ei löytynyt
Tulosjakauma
Jokaisen tuloksen saaneiden osuus
Persentiili vastausten määrän mukaan
Tuloshistoriasi
Et ole pelannut tätä visaa